England Squad FIFA World Cup 2026 - Statistics

General Stats
  • This quiz has been taken 95 times
    5 since last reset
  • The average score is 23 of 27
Answer Stats
Position Club Name % Correct
LW Newcastle Anthony Gordon
100%
RW Arsenal Bukayo Saka
100%
CM Arsenal Declan Rice
100%
ST Bayern Harry Kane
100%
CB Man City John Stones
100%
GK Everton Jordan Pickford
100%
CAM Real Madrid Jude Bellingham
100%
CM Man United Kobbie Mainoo
100%
LW Barcelona Marcus Rashford
100%
RW Arsenal Noni Madueke
100%
ST Aston Villa Ollie Watkins
100%
RB Chelsea Reece James
100%
Manager ... Thomas Tuchel
100%
CB Newcastle Dan Burn
80%
GK Crystal Palace Dean Henderson
80%
CM Forest Elliot Anderson
80%
CB Aston Villa Ezri Konsa
80%
ST Al-Alhi Ivan Toney
80%
GK Man City James Trafford
80%
CDM Brentford Jordan Henderson
80%
CB Man City Mark Guehi
80%
LB Spurs Djed Spence
60%
CB Leverkusen Jarell Quansah
60%
CAM Aston Villa Morgan Rogers
60%
LB Man City Nico O'Reilly
60%
RB Newcastle Tino Livramento
60%
LW Arsenal Eberechi Eze
40%
No matching quizzes found
Score Distribution
Percent of People with Each Score
Percentile by Number Answered
Your Score History
You have not taken this quiz since the last reset